Normal view MARC view
  • Concrete construction

Entry Topical Term

Number of records used in: 4

001 - CONTROL NUMBER

  • control field: 45142

003 - CONTROL NUMBER IDENTIFIER

  • control field: NUST

005 - DATE AND TIME OF LATEST TRANSACTION

  • control field: 20210314133150.0

008 - FIXED-LENGTH DATA ELEMENTS

  • fixed length control field: 210314|| aca||aabn | a|a d

040 ## - CATALOGING SOURCE

  • Original cataloging agency: NUST
  • Transcribing agency: NUST

150 ## - HEADING--TOPICAL TERM

  • Topical term or geographic name entry element: Concrete construction
  • General subdivision: Formwork

670 ## - SOURCE DATA FOUND

  • Source citation: Work cat.: (NUST): McAdam, Peter S. 45141, Formwork :, c1997.
© 2023 Central Library, National University of Sciences and Technology. All Rights Reserved.